[Event "De Verteuil Memorial 26th"]
[Site "Port of Spain"]
[Date "2018.10.04"]
[Round "1"]
[White "Davis, Daryl"]
[Black "Flower, Trevor"]
[Result "1-0"]
[WhiteElo "1774"]
[BlackElo "1701"]
[PlyCount "53"]
[EventDate "2018.10.04"]
[EventType "swiss"]
[EventRounds "7"]
[EventCountry "TRI"]
[SourceTitle "CBM 187 Extra"]
[Source "ChessBase"]
[SourceDate "2018.11.04"]
[SourceVersion "1"]
[SourceVersionDate "2018.11.04"]
[SourceQuality "1"]

1. e4 d5 2. e5 c5 3. Nf3 Bg4 4. h3 Bxf3 5. Qxf3 a6 6. Nc3 e6 7. d3 Ne7 8. Bg5 Nbc6 9. Qg3 Qa5 10. Bd2 Qc7 11. f4 Nf5 12. Qf2 Be7 13. g3 Nb4 14. Rc1 Nd4 15. Be3 Nf5 16. d4 cxd4 17. Bxd4 Nxd4 18. Qxd4 Bc5 19. Qd2 b5 20. a3 Nc6 21. b4 Nxb4 22. Nxb5 axb5 23. axb4 Bb6 24. Bxb5+ Ke7 25. c4 dxc4 26. Rxc4 Qa7 27. Qd6# 1-0

[Event "Port of Spain op 44th"]
[Site "Port of Spain"]
[Date "2017.05.04"]
[Round "3"]
[White "Flower, Trevor"]
[Black "Jones, David"]
[Result "0-1"]
[WhiteElo "1690"]
[BlackElo "1892"]
[PlyCount "66"]
[EventDate "2017.04.20"]
[EventType "swiss"]
[EventRounds "7"]
[EventCountry "TRI"]
[SourceTitle "EXT 2018"]
[Source "ChessBase"]
[SourceDate "2017.10.13"]
[SourceVersion "1"]
[SourceVersionDate "2017.10.13"]
[SourceQuality "1"]

1. d4 d6 2. c4 Nf6 3. Nc3 g6 4. Bg5 Bg7 5. e3 Nbd7 6. Be2 c5 7. Nf3 Qa5 8. 0-0 a6 9. d5 h6 10. Bh4 g5 11. Bg3 Nh5 12. Qc2 Nxg3 13. fxg3 Nf6 14. Nd2 Ng4 15. Bxg4 Bxg4 16. Nb3 Qc7 17. Rf2 Bh5 18. Qd2 Bg6 19. Raf1 0-0 20. Nc1 Rab8 21. N1e2 b5 22. b3 bxc4 23. bxc4 Rb4 24. h4 gxh4 25. gxh4 Rxc4 26. e4 Qa5 27. Qd3 Rxc3 28. Nxc3 Qxc3 29. Qe2 Bd4 30. h5 Bh7 31. Qg4+ Kh8 32. Qf4 Rg8 33. Qxh6 Qg3 0-1

[Event "De Verteuil Memorial 24th"]
[Site "Port of Spain"]
[Date "2016.11.10"]
[Round "6"]
[White "Roopnarine, Reece"]
[Black "Flower, Trevor"]
[Result "1-0"]
[WhiteElo "1447"]
[BlackElo "1712"]
[PlyCount "74"]
[EventDate "2016.10.06"]
[EventType "swiss"]
[EventRounds "7"]
[EventCountry "TRI"]
[SourceTitle "EXT 2018"]
[Source "ChessBase"]
[SourceDate "2017.10.13"]
[SourceVersion "1"]
[SourceVersionDate "2017.10.13"]
[SourceQuality "1"]

1. d4 d5 2. c4 Nf6 3. Nf3 e6 4. Bg5 Bb4+ 5. Nc3 Nbd7 6. e3 h6 7. Bh4 0-0 8. cxd5 exd5 9. Bd3 c6 10. 0-0 Qa5 11. Rc1 Bxc3 12. bxc3 Qxa2 13. Bb1 Qa3 14. Qd3 Ne4 15. Nd2 f5 16. f3 Nd6 17. Rfe1 Nf6 18. Nf1 Bd7 19. g4 fxg4 20. Bxf6 Bf5 21. Qd1 Rxf6 22. e4 gxf3 23. exf5 Nxf5 24. Kh1 Qd6 25. Re5 Raf8 26. Rc2 Qd7 27. Rf2 Nh4 28. Nd2 Qh3 29. Qe1 Rf4 30. Bd3 Ng2 31. Qg1 R8f6 32. Re7 Rg4 33. Bf1 Rfg6 34. Nxf3 h5 35. Bxg2 Rxg2 36. Rxg2 Qxf3 37. Qf2 Rxg2 1-0

[Event "De Verteuil Memorial 24th"]
[Site "Port of Spain"]
[Date "2016.11.03"]
[Round "5"]
[White "Flower, Trevor"]
[Black "Valentine, Bryan"]
[Result "1-0"]
[WhiteElo "1712"]
[BlackElo "1480"]
[PlyCount "53"]
[EventDate "2016.10.06"]
[EventType "swiss"]
[EventRounds "7"]
[EventCountry "TRI"]
[SourceTitle "EXT 2018"]
[Source "ChessBase"]
[SourceDate "2017.10.13"]
[SourceVersion "1"]
[SourceVersionDate "2017.10.13"]
[SourceQuality "1"]

1. f4 Nf6 2. Nf3 d6 3. e3 g6 4. Bc4 Bg7 5. c3 0-0 6. 0-0 c5 7. d4 d5 8. Bd3 Qb6 9. Ne5 Nc6 10. Nd2 Nxe5 11. fxe5 Ng4 12. Nf3 Bh6 13. Qe2 Bg7 14. Rb1 f6 15. h3 Nh6 16. exf6 Rxf6 17. g4 Rf8 18. Bd2 Nf7 19. Qg2 e5 20. dxe5 Nxe5 21. Nxe5 Rxf1+ 22. Bxf1 Bxe5 23. Qxd5+ Qe6 24. Qxc5 Kg7 25. Bc4 Qe8 26. Rf1 b6 27. Qd5 1-0

[Event "De Verteuil Memorial 21st"]
[Site "Port of Spain"]
[Date "2013.11.28"]
[Round "7"]
[White "Flower, Trevor"]
[Black "Johnson, Gabriella"]
[Result "0-1"]
[WhiteElo "1755"]
[BlackElo "1576"]
[PlyCount "46"]
[EventDate "2013.10.17"]
[EventType "swiss"]
[EventRounds "7"]
[EventCountry "TRI"]
[SourceTitle "CBM 157 Extra"]
[Source "ChessBase"]
[SourceDate "2013.12.19"]
[SourceVersion "1"]
[SourceVersionDate "2013.12.19"]
[SourceQuality "1"]

1. e4 c5 2. Nf3 d6 3. Bc4 Nf6 4. d3 g6 5. 0-0 Bg7 6. h3 0-0 7. e5 dxe5 8. Nxe5 Nd5 9. Re1 Qd6 10. Ng4 h5 11. Bxd5 hxg4 12. Bb3 gxh3 13. g3 Nc6 14. Bf4 Ne5 15. Nd2 Qc6 16. f3 Ng4 17. Ne4 Bd4+ 18. Be3 Nxe3 19. Rxe3 Bxe3+ 20. Kh2 Kh7 21. Qe2 f5 22. Qxe3 fxe4 23. dxe4 c4 0-1